[Event "Francophonie-ch 9th"]
[Site "Yamoussoukro"]
[Date "2023.07.06"]
[Round "5"]
[White "Ameku, Philip Elikem"]
[Black "Nomenjanahary, Fanilo"]
[Result "1/2-1/2"]
[WhiteElo "1868"]
[BlackElo "1590"]
[PlyCount "123"]
[EventDate "2023.07.02"]
[EventType "swiss"]
[EventRounds "9"]
[EventCountry "IVO"]
[SourceTitle "CBM 215 Extra"]
[Source "ChessBase"]
[SourceDate "2023.09.30"]
[SourceVersion "1"]
[SourceVersionDate "2023.09.30"]
[SourceQuality "1"]

1. d4 Nf6 2. Bg5 g6 3. Bxf6 exf6 4. g3 f5 5. Bg2 Bg7 6. e3 c5 7. c3 Qb6 8. Qb3 Nc6 9. Nd2 Qc7 10. dxc5 Ne5 11. Qd5 Rb8 12. Ngf3 b6 13. Nxe5 Bxe5 14. Nc4 Bb7 15. Nd6+ Qxd6 16. Qxd6 Bxd6 17. Bxb7 Bxg3 18. c6 Bd6 19. 0-0-0 dxc6 20. Bxc6+ Ke7 21. Rd4 Rbc8 22. Bb5 Rhd8 23. Rhd1 Bc7 24. h3 Rxd4 25. exd4 Bf4+ 26. Kc2 g5 27. d5 Bd6 28. Kd3 Kf6 29. Re1 h5 30. f3 Rg8 31. b4 Rg7 32. Ke3 Ke5 33. Bc4 Rg8 34. Kf2+ Kf4 35. Rd1 Rc8 36. Rd4+ Ke5 37. Ke3 b5 38. Bxb5 Rxc3+ 39. Rd3 f4+ 40. Kd2 Rxd3+ 41. Kxd3 f5 42. Ke2 Bxb4 43. Kf2 Kxd5 44. Kg2 Ke5 45. Be8 h4 46. Bd7 Be1 47. Bc8 a5 48. a4 Bg3 49. Bd7 Kf6 50. Bc8 Ke5 51. Bd7 g4 52. hxg4 fxg4 53. Bxg4 Kd6 54. Bf5 Kd5 55. Bc8 Kc5 56. Bd7 Kc4 57. Bc6 Kc3 58. Bb5 Kd4 59. Bd7 Kd3 60. Bb5+ Ke3 61. Bc6 Ke2 62. Bb7 1/2-1/2

[Event "Francophonie-ch 9th"]
[Site "Yamoussoukro"]
[Date "2023.07.03"]
[Round "2"]
[White "Sambuev, Bator"]
[Black "Ameku, Philip Elikem"]
[Result "1-0"]
[WhiteElo "2457"]
[BlackElo "1868"]
[PlyCount "73"]
[EventDate "2023.07.02"]
[EventType "swiss"]
[EventRounds "9"]
[EventCountry "IVO"]
[SourceTitle "CBM 215 Extra"]
[Source "ChessBase"]
[SourceDate "2023.09.30"]
[SourceVersion "1"]
[SourceVersionDate "2023.09.30"]
[SourceQuality "1"]

1. d4 Nf6 2. c4 g6 3. Nc3 Bg7 4. e4 d6 5. Be2 0-0 6. h4 e5 7. d5 c6 8. h5 Qa5 9. Bd2 Na6 10. h6 Bh8 11. a3 Qd8 12. b4 Nc7 13. Bg5 a5 14. b5 cxb5 15. cxb5 Bd7 16. a4 Rc8 17. Rc1 Na8 18. Nf3 Bg4 19. Nd2 Bxe2 20. Qxe2 Qd7 21. Nc4 Qc7 22. Na2 Qd8 23. Qf3 Rxc4 24. Rxc4 Nb6 25. Rc2 Nxa4 26. 0-0 Nc5 27. Rc4 Ncd7 28. Rfc1 Qb6 29. Nc3 Nh5 30. Be3 Qd8 31. Na4 f5 32. exf5 e4 33. Qxe4 Ne5 34. fxg6 hxg6 35. Rc7 Nf6 36. Qh4 Re8 37. h7+ 1-0

[Event "Tema op 7th"]
[Site "Tema"]
[Date "2022.01.08"]
[Round "5"]
[White "Ameku, Philip Elikem"]
[Black "Tsatsu, Arnold"]
[Result "1-0"]
[WhiteElo "1870"]
[BlackElo "1567"]
[PlyCount "81"]
[EventDate "2022.01.07"]
[EventType "swiss"]
[EventRounds "7"]
[EventCountry "GHA"]
[SourceTitle "EXT 2023"]
[Source "ChessBase"]
[SourceDate "2022.10.05"]
[SourceVersion "1"]
[SourceVersionDate "2022.10.05"]
[SourceQuality "1"]

1. d4 d5 2. Nc3 Nf6 3. Bf4 e6 4. e3 Nc6 5. Nb5 Bd6 6. Nxd6+ cxd6 7. Nf3 0-0 8. Be2 Re8 9. Bg5 Qa5+ 10. c3 Ne4 11. 0-0 Bd7 12. Bh4 h6 13. Nd2 e5 14. Nb3 Qb6 15. dxe5 Rxe5 16. Bg3 Nxg3 17. hxg3 Rae8 18. Bf3 Ne7 19. Qd2 Bc6 20. Nd4 Ng6 21. Rfd1 Nf8 22. Qc2 Nh7 23. Rd2 Nf6 24. Rad1 a6 25. Qb3 Qc5 26. Qb4 a5 27. Qb3 Rd8 28. Qc2 Ne4 29. Nb3 Qb6 30. Rd4 Qc7 31. Nd2 Qe7 32. Nb3 a4 33. Na5 Bd7 34. Rxd5 Rf5 35. Qxa4 Rxd5 36. Rxd5 Nc5 37. Qd1 Be6 38. Rd2 Bxa2 39. b4 Bb3 40. Nxb3 Nxb3 41. Qxb3 1-0

[Event "Tema op 7th"]
[Site "Tema"]
[Date "2022.01.08"]
[Round "4"]
[White "Semeko, Lumen Paco"]
[Black "Ameku, Philip Elikem"]
[Result "1/2-1/2"]
[WhiteElo "1325"]
[BlackElo "1870"]
[PlyCount "27"]
[EventDate "2022.01.07"]
[EventType "swiss"]
[EventRounds "7"]
[EventCountry "GHA"]
[SourceTitle "EXT 2023"]
[Source "ChessBase"]
[SourceDate "2022.10.05"]
[SourceVersion "1"]
[SourceVersionDate "2022.10.05"]
[SourceQuality "1"]

1. e4 e5 2. Nf3 Nc6 3. d4 exd4 4. Nxd4 Nge7 5. Bc4 Nxd4 6. Qxd4 Nc6 7. Qe3 Bb4+ 8. Bd2 Qf6 9. Bxb4 Nxb4 10. Qb3 Nc6 11. Qc3 Qg6 12. 0-0 0-0 13. Nd2 d6 14. Rfe1 1/2-1/2

[Event "Tema op 7th"]
[Site "Tema"]
[Date "2022.01.07"]
[Round "1"]
[White "Frempong, Smart Daniel"]
[Black "Ameku, Philip Elikem"]
[Result "0-1"]
[WhiteElo "1552"]
[BlackElo "1870"]
[PlyCount "66"]
[EventDate "2022.01.07"]
[EventType "swiss"]
[EventRounds "7"]
[EventCountry "GHA"]
[SourceTitle "EXT 2023"]
[Source "ChessBase"]
[SourceDate "2022.10.05"]
[SourceVersion "1"]
[SourceVersionDate "2022.10.05"]
[SourceQuality "1"]

1. d4 d5 2. Nf3 Nf6 3. g3 c5 4. Bg2 e6 5. 0-0 Nc6 6. c4 Qb6 7. cxd5 exd5 8. dxc5 Bxc5 9. Nc3 0-0 10. Nxd5 Nxd5 11. Qxd5 Be6 12. Qh5 Rad8 13. b3 Qb5 14. Be3 Bd5 15. Bxc5 Be4 16. Qh4 Bxf3 17. Bxf8 Bxg2 18. Kxg2 Rxf8 19. e3 Re8 20. Rfd1 g6 21. Rd7 Ne5 22. Rd8 Qc6+ 23. e4 Rxd8 24. Qxd8+ Kg7 25. Qd5 Qc3 26. Rb1 Qf3+ 27. Kg1 Qh5 28. f4 Nf3+ 29. Kf2 g5 30. fxg5 Nxg5 31. Qe5+ Kg8 32. g4 Nh3+ 33. Kg3 Qxe5+ 0-1

[Event "GHA-ch"]
[Site "Accra"]
[Date "2021.12.26"]
[Round "1"]
[White "Ameku, Philip Elikem"]
[Black "Anhwere, Benard"]
[Result "1-0"]
[WhiteElo "1881"]
[BlackElo "1847"]
[PlyCount "57"]
[EventDate "2021.12.26"]
[EventType "tourn"]
[EventRounds "9"]
[EventCountry "GHA"]
[SourceTitle "EXT 2023"]
[Source "ChessBase"]
[SourceDate "2022.10.05"]
[SourceVersion "1"]
[SourceVersionDate "2022.10.05"]
[SourceQuality "1"]

1. d4 Nf6 2. Bg5 d5 3. Bxf6 exf6 4. c4 Nc6 5. e3 Bb4+ 6. Nc3 0-0 7. Qf3 Re8 8. Nge2 dxc4 9. g3 h5 10. Qxh5 Nxd4 11. 0-0-0 Nxe2+ 12. Bxe2 Qe7 13. Nd5 Qc5 14. Kb1 c3 15. Rd4 Re5 16. Nxf6+ gxf6 17. Rd8+ Qf8 18. Rxf8+ Bxf8 19. Qh4 Bf5+ 20. Ka1 cxb2+ 21. Kxb2 Rae8 22. Qa4 R8e6 23. Ra1 Rc5 24. Re1 Rb6+ 25. Ka1 Rc2 26. e4 Bb4 27. Qxc2 Bxe4 28. Bd3 Rc6 29. Rxe4 1-0

[Event "Accra op"]
[Site "Accra"]
[Date "2021.04.05"]
[Round "8"]
[White "Ameku, Philip Elikem"]
[Black "Hasford, John Kojo"]
[Result "1/2-1/2"]
[WhiteElo "1899"]
[BlackElo "2000"]
[PlyCount "77"]
[EventDate "2021.04.01"]
[EventType "swiss"]
[EventRounds "9"]
[EventCountry "GHA"]
[SourceTitle "EXT 2022"]
[Source "ChessBase"]
[SourceDate "2021.10.06"]
[SourceVersion "1"]
[SourceVersionDate "2021.10.06"]
[SourceQuality "1"]

1. d4 Nf6 2. Bf4 e6 3. e3 d5 4. c3 Bd6 5. Nf3 c6 6. Bd3 Qc7 7. Bxd6 Qxd6 8. Ne5 c5 9. Nd2 Nc6 10. f4 0-0 11. Qf3 b6 12. Qh3 Ne7 13. g4 Bb7 14. Ndf3 Ne4 15. Ng5 h6 16. Nxe4 dxe4 17. Bc2 f6 18. Nc4 Qd7 19. 0-0-0 Qc7 20. g5 Bd5 21. gxh6 g6 22. Na3 f5 23. c4 Bc6 24. Bb3 Rad8 25. dxc5 bxc5 26. h7+ Kh8 27. Qh6 Rf7 28. Rxd8+ Qxd8 29. Rd1 Qc8 30. Qh4 a6 31. Nb1 Qf8 32. Rd6 Rxh7 33. Qf2 Qc8 34. Qd2 Kg7 35. Qc3+ Kf7 36. Qe5 Bd7 37. Rd2 Ng8 38. Nc3 Nf6 39. Qd6 1/2-1/2

[Event "GHA-ch"]
[Site "Accra"]
[Date "2018.12.08"]
[Round "7"]
[White "Ameku, Philip Elikem"]
[Black "Hasford, John Kojo"]
[Result "1/2-1/2"]
[WhiteElo "1927"]
[BlackElo "2032"]
[PlyCount "58"]
[EventDate "2018.12.01"]
[EventType "tourn"]
[EventRounds "9"]
[EventCountry "GHA"]
[SourceTitle "CBM 187 Extra"]
[Source "ChessBase"]
[SourceDate "2018.11.04"]
[SourceVersion "1"]
[SourceVersionDate "2018.11.04"]
[SourceQuality "1"]

1. d4 d5 2. Bf4 Nf6 3. e3 e6 4. c4 Bd6 5. Bxd6 Qxd6 6. Nc3 a6 7. Nf3 b6 8. Qc2 Bb7 9. Be2 0-0 10. 0-0 Nbd7 11. a3 c5 12. Rfd1 cxd4 13. Nxd4 Rac8 14. cxd5 Nxd5 15. Qa4 b5 16. Qb3 Nxc3 17. bxc3 Qc7 18. c4 bxc4 19. Bxc4 Nc5 20. Qa2 Qe5 21. Nf3 Qf6 22. Ne1 Ne4 23. Rdc1 Rc7 24. f3 Nc5 25. Rab1 Qe5 26. Qe2 Rfc8 27. Qd2 g6 28. Be2 Bd5 29. Qd4 Qg7 1/2-1/2

[Event "GHA-ch"]
[Site "Accra"]
[Date "2018.12.08"]
[Round "6"]
[White "Sosu, Edward"]
[Black "Ameku, Philip Elikem"]
[Result "0-1"]
[WhiteElo "1732"]
[BlackElo "1927"]
[PlyCount "76"]
[EventDate "2018.12.01"]
[EventType "tourn"]
[EventRounds "9"]
[EventCountry "GHA"]
[SourceTitle "CBM 187 Extra"]
[Source "ChessBase"]
[SourceDate "2018.11.04"]
[SourceVersion "1"]
[SourceVersionDate "2018.11.04"]
[SourceQuality "1"]

1. e4 c6 2. d4 d5 3. e5 Bf5 4. Bd3 Bxd3 5. Qxd3 Qa5+ 6. c3 Qa6 7. Qh3 e6 8. Ne2 c5 9. Qe3 Ne7 10. 0-0 Nbc6 11. Ng3 h5 12. Qe2 Qa5 13. dxc5 h4 14. Nh5 Nf5 15. b4 Qc7 16. Bf4 Be7 17. g4 hxg3 18. fxg3 g5 19. Bd2 Qxe5 20. Qxe5 Nxe5 21. Rxf5 exf5 22. Ng7+ Kd7 23. Nxf5 Bf6 24. Kg2 Nc4 25. Be3 Rae8 26. Bd4 Bxd4 27. Nxd4 Re1 28. Nf3 Rc1 29. a4 g4 30. Nh4 Re8 31. Ra2 Rxb1 32. Nf5 Nb2 33. Nd4 Re3 34. h4 Rxc3 35. h5 Rd3 36. Ne2 Rd2 37. Kf2 Nd3+ 38. Ke3 Rxa2 0-1

[Event "GHA-ch"]
[Site "Accra"]
[Date "2018.12.02"]
[Round "3"]
[White "Odoi, Isaac Abeasi"]
[Black "Ameku, Philip Elikem"]
[Result "1/2-1/2"]
[WhiteElo "1731"]
[BlackElo "1927"]
[PlyCount "98"]
[EventDate "2018.12.01"]
[EventType "tourn"]
[EventRounds "9"]
[EventCountry "GHA"]
[SourceTitle "CBM 187 Extra"]
[Source "ChessBase"]
[SourceDate "2018.11.04"]
[SourceVersion "1"]
[SourceVersionDate "2018.11.04"]
[SourceQuality "1"]

1. d4 c5 2. d5 e6 3. c4 Nf6 4. Nf3 g6 5. Nc3 Bg7 6. e4 exd5 7. cxd5 d6 8. Bb5+ Nbd7 9. 0-0 0-0 10. Bf4 Nb6 11. h3 a6 12. Bd3 Re8 13. Re1 Qc7 14. Rc1 Nbd7 15. b3 b5 16. Bb1 Bb7 17. Qd2 Nh5 18. Bh2 Rad8 19. b4 Nb6 20. bxc5 Nc4 21. cxd6 Qa5 22. Qc2 Nxd6 23. e5 Nc4 24. Qb3 Bxd5 25. Nxd5 Rxd5 26. Be4 Rdd8 27. g4 Bh6 28. Rcd1 Nf4 29. g5 Nxh3+ 30. Kg2 Nxg5 31. Nxg5 Bxg5 32. Bc6 Rxd1 33. Rxd1 Rd8 34. Bd5 Kg7 35. Qf3 Rd7 36. Bxc4 Qd8 37. Bb3 Rxd1 38. Qxd1 Qxd1 39. Bxd1 Bd2 40. Kf3 Kf8 41. Ke4 Ke7 42. Kd5 Be1 43. f3 Bf2 44. Kc6 f6 45. exf6+ Kxf6 46. Kb7 a5 47. Ka6 Be1 48. Kxb5 h5 49. Bc7 g5 1/2-1/2

[Event "GHA-ch"]
[Site "Accra"]
[Date "2017.12.26"]
[Round "1"]
[White "Ameku, Philip Elikem"]
[Black "Sosu, Edward"]
[Result "1-0"]
[WhiteElo "1939"]
[BlackElo "1788"]
[PlyCount "118"]
[EventDate "2017.12.26"]
[EventType "tourn"]
[EventRounds "9"]
[EventCountry "GHA"]
[SourceTitle "EXT 2019"]
[Source "ChessBase"]
[SourceDate "2018.10.10"]
[SourceVersion "1"]
[SourceVersionDate "2018.10.10"]
[SourceQuality "1"]

1. d4 e6 2. Nf3 Nf6 3. c4 d5 4. Nc3 Be7 5. Bf4 a6 6. e3 0-0 7. Rc1 dxc4 8. Bxc4 Nbd7 9. 0-0 Nh5 10. Qe2 Nxf4 11. exf4 Nb6 12. Bb3 Bd7 13. Rfd1 c6 14. Ne5 Nd5 15. Qe4 Bd6 16. Bc2 Nf6 17. Qd3 Rc8 18. g4 g6 19. Qh3 Bb8 20. Rd3 Kg7 21. Rg3 Rh8 22. f5 exf5 23. gxf5 Qb6 24. Bb3 Qxd4 25. Nxf7 Nd5 26. Rd1 Qf6 27. Nxd5 cxd5 28. Bxd5 Bf4 29. Nxh8 Bxg3 30. Qxg3 Kxh8 31. fxg6 hxg6 32. Bxb7 Rd8 33. Rd6 Be6 34. Rxd8+ Qxd8 35. Qe5+ Kh7 36. Qxe6 Qg5+ 37. Kf1 Qc1+ 38. Kg2 Qg5+ 39. Kf3 Qh5+ 40. Qg4 Qxh2 41. Bxa6 Qh1+ 42. Ke2 Qd5 43. Bc4 Qe5+ 44. Kf1 Qxb2 45. Qh3+ Kg7 46. Qd7+ Kh6 47. Qb5 Qc1+ 48. Ke2 Qc2+ 49. Kf3 Qd1+ 50. Be2 Qh1+ 51. Ke3 Qh4 52. Kf3 Qh3+ 53. Kf4 Qh4+ 54. Ke3 Qe7+ 55. Kd2 Qd6+ 56. Qd3 Qb4+ 57. Qc3 Qd6+ 58. Ke1 Qh2 59. Qe3+ Kg7 1-0

[Event "Dreamfort Strongbow op 2nd"]
[Site "Dreamfort"]
[Date "2017.07.29"]
[Round "2"]
[White "Ameku, Philip Elikem"]
[Black "Hasford, John Kojo"]
[Result "1/2-1/2"]
[WhiteElo "1895"]
[BlackElo "2020"]
[PlyCount "163"]
[EventDate "2017.07.28"]
[EventType "swiss"]
[EventRounds "7"]
[EventCountry "GHA"]
[SourceTitle "EXT 2018"]
[Source "ChessBase"]
[SourceDate "2017.10.13"]
[SourceVersion "1"]
[SourceVersionDate "2017.10.13"]
[SourceQuality "1"]

1. d4 d5 2. c4 c6 3. Nc3 Nf6 4. Nf3 e6 5. cxd5 exd5 6. Bg5 Be7 7. e3 Ne4 8. Bf4 Bb4 9. Qb3 Qa5 10. Rc1 Nd7 11. a3 Be7 12. Be2 Ndf6 13. 0-0 0-0 14. h3 Nxc3 15. Rxc3 Ne4 16. Rcc1 Qb6 17. Qxb6 axb6 18. Rfd1 b5 19. Nd2 Nxd2 20. Rxd2 b4 21. axb4 Bxb4 22. Rdd1 Ra2 23. Rb1 Be6 24. Bc7 Rfa8 25. Kf1 Kf8 26. Bb6 Ke8 27. Bc5 Bxc5 28. dxc5 b5 29. cxb6 Rb8 30. b4 Rxb6 31. b5 c5 32. Bf3 Ra5 33. Bxd5 Bxd5 34. Rxd5 Rbxb5 35. Rxb5 Rxb5 36. Ke2 Rb2+ 37. Kf3 Rc2 38. e4 Ke7 39. Ke3 c4 40. h4 g6 41. g4 Rc3+ 42. Kf4 Rh3 43. Rc5 Rxh4 44. Rxc4 h5 45. f3 hxg4 46. fxg4 Rh3 47. Rc7+ Ke6 48. Rc6+ Kd7 49. Ra6 Rb3 50. Ra7+ Ke6 51. Ra6+ Ke7 52. Ra7+ Kf8 53. e5 Rb6 54. Kg5 Kg7 55. Kf4 Rb4+ 56. Kg5 Re4 57. Ra5 Re1 58. Rb5 Kf8 59. Kf4 Rf1+ 60. Ke4 g5 61. Rb6 Rf4+ 62. Ke3 Rxg4 63. Rf6 Ke7 64. Kf3 Rg1 65. Kf2 Ra1 66. Rf5 g4 67. Kg3 Ra4 68. Rf6 Re4 69. Rf5 Ke8 70. Rg5 Kf8 71. Rxg4 Rxe5 72. Ra4 Kg7 73. Kf4 Rh5 74. Ra7 Kg6 75. Ra6+ f6 76. Kg4 Rh1 77. Kf4 Rh4+ 78. Kg3 Rb4 79. Kf3 Kg5 80. Ra5+ f5 81. Ra3 Rb2 82. Kg3 1/2-1/2

[Event "GHA-ch"]
[Site "Accra"]
[Date "2016.12.20"]
[Round "7"]
[White "Ameku, Philip Elikem"]
[Black "Senyegah, Paul"]
[Result "1-0"]
[WhiteElo "1922"]
[BlackElo "1615"]
[PlyCount "73"]
[EventDate "2016.12.17"]
[EventType "tourn"]
[EventRounds "9"]
[EventCountry "GHA"]
[SourceTitle "CBM 176 Extra"]
[Source "ChessBase"]
[SourceDate "2017.03.02"]
[SourceVersion "1"]
[SourceVersionDate "2017.03.02"]
[SourceQuality "1"]

1. d4 Nf6 2. c4 g6 3. Nc3 Bg7 4. e4 d6 5. Nf3 0-0 6. Be2 Nbd7 7. 0-0 e5 8. d5 a5 9. Ne1 Nc5 10. f3 h6 11. Be3 b6 12. Rb1 Bd7 13. b3 Kh7 14. a3 a4 15. b4 Nb7 16. Nd3 c5 17. bxc5 Nxc5 18. Rb4 Qc7 19. Nb5 Bxb5 20. cxb5 Nfd7 21. Qc2 f5 22. Rc1 f4 23. Bxc5 Nxc5 24. Rc4 Qd7 25. Nxc5 bxc5 26. Rxa4 g5 27. Rb1 Qb7 28. Ra6 Qe7 29. Qa4 Rxa6 30. Qxa6 h5 31. b6 Rb8 32. b7 Bf8 33. Qc6 Qg7 34. Qc8 g4 35. Qxb8 gxf3 36. Bxf3 h4 37. Qxf8 1-0

[Event "GHA-ch"]
[Site "Accra"]
[Date "2016.12.19"]
[Round "6"]
[White "Mensah, Joseph Jamena"]
[Black "Ameku, Philip Elikem"]
[Result "1/2-1/2"]
[WhiteElo "1957"]
[BlackElo "1922"]
[PlyCount "67"]
[EventDate "2016.12.17"]
[EventType "tourn"]
[EventRounds "9"]
[EventCountry "GHA"]
[SourceTitle "CBM 176 Extra"]
[Source "ChessBase"]
[SourceDate "2017.03.02"]
[SourceVersion "1"]
[SourceVersionDate "2017.03.02"]
[SourceQuality "1"]

1. e4 c5 2. Nf3 d6 3. d4 cxd4 4. Nxd4 Nf6 5. Nc3 e5 6. Nb3 Be6 7. Bg5 Nbd7 8. Qd2 a6 9. f4 Be7 10. f5 Bxb3 11. axb3 Rc8 12. Bd3 h6 13. Be3 Ng4 14. Bg1 Bg5 15. Qe2 h5 16. g3 Ngf6 17. Be3 Ng4 18. Bg1 Ngf6 19. h3 h4 20. Be3 Nh5 21. Bxg5 Qxg5 22. gxh4 Qxh4+ 23. Qf2 Nf4 24. Qxh4 Rxh4 25. Bf1 Nf6 26. 0-0-0 Ke7 27. Rg1 Rg8 28. Rg3 g5 29. b4 b5 30. b3 Nd7 31. Kb2 f6 32. Ra1 Nb8 33. Re3 Rgh8 34. Nd5+ 1/2-1/2

[Event "Olympiad-42"]
[Site "Baku"]
[Date "2016.09.06"]
[Round "5.3"]
[White "Abdelazeez, Mohamed Abdalla"]
[Black "Ameku, Philip Elikem"]
[Result "1-0"]
[WhiteElo "2183"]
[BlackElo "1914"]
[PlyCount "83"]
[EventDate "2016.09.02"]
[EventType "team-swiss"]
[EventRounds "11"]
[EventCountry "AZE"]
[SourceTitle "CBM 175"]
[Source "ChessBase"]
[SourceDate "2016.11.10"]
[SourceVersion "1"]
[SourceVersionDate "2016.11.10"]
[SourceQuality "1"]
[WhiteTeam "Sudan"]
[BlackTeam "Ghana"]
[WhiteTeamCountry "SUD"]
[BlackTeamCountry "GHA"]

1. d4 Nf6 2. c4 e6 3. Bg5 Bb4+ 4. Nc3 c5 5. d5 e5 6. Nf3 d6 7. Qc2 Bg4 8. Nd2 Bxc3 9. Qxc3 0-0 10. f4 Re8 11. h3 Bc8 12. g4 h6 13. Bxf6 Qxf6 14. f5 Qh4+ 15. Kd1 Qf2 16. Ne4 Qf4 17. Bg2 h5 18. e3 Qh6 19. g5 Qh7 20. Nxd6 Rf8 21. Qxe5 Nd7 22. Qf4 Nb6 23. e4 Bd7 24. Bf3 g6 25. Rg1 Ba4+ 26. b3 Qh8 27. e5 Rad8 28. f6 Bd7 29. Nxb7 Rc8 30. Nd6 Rb8 31. Kc2 Bxh3 32. Rh1 Bd7 33. Rag1 Rfd8 34. Bxh5 gxh5 35. g6 fxg6 36. Rxg6+ Kf8 37. Rhg1 Bg4 38. Rh6 Qg8 39. Rxh5 Bf5+ 40. Rxf5 Qxg1 41. Qh6+ Kg8 42. f7# 1-0

[Event "GHA-ch"]
[Site "Accra"]
[Date "2016.04.29"]
[Round "2"]
[White "Hasford, John Kojo"]
[Black "Ameku, Philip Elikem"]
[Result "1-0"]
[WhiteElo "1947"]
[BlackElo "1876"]
[PlyCount "85"]
[EventDate "2016.04.28"]
[EventType "tourn"]
[EventRounds "9"]
[EventCountry "GHA"]
[SourceTitle "EXT 2017"]
[Source "ChessBase"]
[SourceDate "2016.10.25"]
[SourceVersion "1"]
[SourceVersionDate "2016.10.25"]
[SourceQuality "1"]

1. d4 Nf6 2. Nf3 c5 3. d5 b5 4. a4 Bb7 5. e4 Nxe4 6. axb5 g6 7. Qd3 Nf6 8. c4 d6 9. Bd2 Nbd7 10. Bc3 Bg7 11. Be2 0-0 12. 0-0 a6 13. Na3 Nb6 14. b3 Qc7 15. Rfe1 a5 16. Rac1 Bh6 17. Bd2 Bxd2 18. Qxd2 Bc8 19. h3 a4 20. b4 Ne4 21. Qb2 cxb4 22. Qxb4 h5 23. Nd4 e5 24. dxe6 fxe6 25. Bf3 Rxf3 26. Nxf3 Nc5 27. Qb1 Kg7 28. Nh4 Qf7 29. Rc3 Bb7 30. Rg3 Rg8 31. Nxg6 Kh6 32. Qc1+ Kh7 33. Nf4 Rxg3 34. fxg3 e5 35. Qc2+ Kh6 36. Nd5 Nxd5 37. cxd5 Qxd5 38. Rd1 Qe6 39. Qd2+ Kh7 40. Qxd6 Qb3 41. Qe7+ Kg6 42. Rd6+ Kf5 43. Qh7+ 1-0

[Event "GHA-ch"]
[Site "Accra"]
[Date "2015.12.20"]
[Round "9"]
[White "Anhwere, Benard"]
[Black "Ameku, Philip Elikem"]
[Result "1-0"]
[WhiteElo "1843"]
[BlackElo "1822"]
[PlyCount "103"]
[EventDate "2015.12.16"]
[EventType "tourn"]
[EventRounds "9"]
[EventCountry "GHA"]
[SourceTitle "CBM 170 Extra"]
[Source "ChessBase"]
[SourceDate "2016.02.25"]
[SourceVersion "1"]
[SourceVersionDate "2016.02.25"]
[SourceQuality "1"]

1. d4 Nf6 2. c4 Nc6 3. Nf3 e6 4. Bg5 Bb4+ 5. Nc3 h6 6. Bh4 0-0 7. e3 d5 8. Bd3 Re8 9. 0-0 Bxc3 10. bxc3 dxc4 11. Bxc4 Na5 12. Bd3 c5 13. e4 g5 14. Nxg5 hxg5 15. Bxg5 e5 16. Qf3 Re6 17. dxe5 Kf8 18. Bxf6 Rxf6 19. exf6 Nc6 20. Qh5 Qxf6 21. Qxc5+ Kg7 22. Rfe1 b6 23. Qb5 Ne5 24. Re3 Bd7 25. Qb4 Rh8 26. Rg3+ Ng6 27. Qd4 Be6 28. f4 Rd8 29. Qxf6+ Kxf6 30. f5 Ne5 31. fxe6 Rxd3 32. Rxd3 Nxd3 33. exf7 Kxf7 34. Rd1 Nc5 35. Rd4 Kf6 36. Kf2 Ke5 37. Rd5+ Kxe4 38. Rxc5 bxc5 39. h4 Kd3 40. h5 Kxc3 41. h6 c4 42. h7 Kd2 43. h8Q c3 44. Qd8+ Kc1 45. Ke2 c2 46. Qb8 a5 47. Kd3 a4 48. Qc7 Kb1 49. Qxc2+ Ka1 50. Qxa4 Kb2 51. Qb4+ Ka1 52. Qd2 1-0

[Event "GHA-ch"]
[Site "Accra"]
[Date "2015.12.17"]
[Round "2"]
[White "Sekyere, Kwame Frimpong"]
[Black "Ameku, Philip Elikem"]
[Result "0-1"]
[WhiteElo "1861"]
[BlackElo "1822"]
[PlyCount "204"]
[EventDate "2015.12.16"]
[EventType "tourn"]
[EventRounds "9"]
[EventCountry "GHA"]
[SourceTitle "CBM 170 Extra"]
[Source "ChessBase"]
[SourceDate "2016.02.25"]
[SourceVersion "1"]
[SourceVersionDate "2016.02.25"]
[SourceQuality "1"]

1. d4 Nf6 2. Nf3 e6 3. Bf4 c5 4. e3 Qb6 5. Bc4 Qxb2 6. Nbd2 cxd4 7. Rb1 Qa3 8. Nxd4 a6 9. 0-0 Be7 10. Bd3 d5 11. e4 dxe4 12. Nxe4 Nbd7 13. Nd2 0-0 14. Nc4 Qc5 15. Nb3 Qh5 16. Be2 Qd5 17. Nbd2 e5 18. Bg5 e4 19. Bxf6 Bxf6 20. Bg4 Rb8 21. Bxd7 Bxd7 22. Nb6 Qe6 23. Nxd7 Qxd7 24. Nxe4 Qc6 25. Qf3 Rfe8 26. Nxf6+ Qxf6 27. Qxf6 gxf6 28. Rb6 Kg7 29. Rfb1 Re2 30. Rc1 Rc8 31. Rb2 b5 32. Kf1 Rce8 33. a4 bxa4 34. Rb4 a3 35. Ra4 Rd2 36. Rxa3 Ree2 37. Rg3+ Kf8 38. c4 Rxf2+ 39. Kg1 Rc2 40. Rxc2 Rxc2 41. Ra3 Rxc4 42. Rxa6 Rf4 43. g3 Rf5 44. Kg2 Kg7 45. Ra4 Kg6 46. Ra7 h5 47. Ra4 Kh6 48. Ra2 Kg7 49. Ra4 Kg6 50. Rb4 Rg5 51. Kh3 f5 52. Rb6+ f6 53. Rb4 Rg4 54. Rb8 f4 55. Rg8+ Kf5 56. Rh8 Rg5 57. Kg2 Kg6 58. Kf3 fxg3 59. hxg3 Rg4 60. Rg8+ Kf5 61. Rh8 Rg5 62. Ra8 Rg4 63. Rh8 Rg5 64. Ra8 Kg6 65. Rg8+ Kh7 66. Rf8 Kg7 67. Ra8 Rb5 68. Kf4 Rb4+ 69. Kf3 Kg6 70. Rg8+ Kf5 71. Rh8 Rb3+ 72. Kg2 Rb2+ 73. Kf3 Rb3+ 74. Kf2 Kg4 75. Rg8+ Kh3 76. Rg6 Rb2+ 77. Kf3 Rb3+ 78. Kf2 Rb6 79. Kf3 Rb1 80. Kf2 Rb2+ 81. Kf3 Rg2 82. Rxf6 Rxg3+ 83. Kf2 h4 84. Kf1 Kh2 85. Rf2+ Kh1 86. Rf4 h3 87. Rf5 Rg1+ 88. Kf2 Kh2 89. Rf8 Ra1 90. Rg8 Ra2+ 91. Kf1 Rg2 92. Rh8 Rg6 93. Ra8 Rf6+ 94. Ke2 Kh1 95. Ra1+ Kg2 96. Ra8 Re6+ 97. Kd3 h2 98. Rg8+ Kf2 99. Rh8 Kg3 100. Rg8+ Kf3 101. Rf8+ Kg4 102. Rg8+ Kh5 0-1

[Event "Accra President's Cup 5th"]
[Site "Accra"]
[Date "2015.07.03"]
[Round "5"]
[White "Ameku, Philip Elikem"]
[Black "Degondo, Simplice Armel"]
[Result "0-1"]
[WhiteElo "1852"]
[BlackElo "2136"]
[PlyCount "70"]
[EventDate "2015.07.01"]
[EventType "swiss"]
[EventRounds "9"]
[EventCountry "GHA"]
[SourceTitle "EXT 2018"]
[Source "ChessBase"]
[SourceDate "2017.10.13"]
[SourceVersion "1"]
[SourceVersionDate "2017.10.13"]
[SourceQuality "1"]

1. e4 e6 2. d4 c5 3. c3 d5 4. e5 Nc6 5. Nf3 Nge7 6. Bd3 Qb6 7. 0-0 cxd4 8. cxd4 Bd7 9. Nbd2 Nxd4 10. Nxd4 Qxd4 11. Nf3 Qb6 12. Be3 Qd8 13. Bg5 h6 14. Bf4 Qb6 15. b4 Nc6 16. b5 Na5 17. Qa4 g5 18. Bg3 0-0-0 19. Rfc1+ Kb8 20. Rab1 Be7 21. Nd4 Ka8 22. f3 Bc5 23. Bf2 Nc4 24. Rxc4 dxc4 25. Qxc4 Bc8 26. Rb4 Rd5 27. Be4 f6 28. exf6 Rd6 29. a4 a5 30. bxa6 Qxb4 31. axb7+ Bxb7 32. Bxb7+ Kxb7 33. Qxb4+ Bxb4 34. Kf1 Rc8 35. Ke2 e5 0-1